LEADER 01323nam--2200409---450- 001 990003251590203316 005 20090522091753.0 010 $a0-7546-3626-7 035 $a000325159 035 $aUSA01000325159 035 $a(ALEPH)000325159USA01 035 $a000325159 100 $a20090522d2004----km-y0itay50------ba 101 $aeng 102 $aGB 105 $a||||||||001yy 200 1 $aMulti-level governance and istitutional change$ethe europeanization of regional policy in Italy$fEnrico Gualini 210 $aAldershot$aBurlington$cAshgate$dcopyr. 2004 215 $aXIV, 299 p.$cill.$d24 cm 225 2 $aUrban and regional planning and development 300 $aBibl.: p. 275-293. Indice: p. 294-299 410 0$12001$aUrban and regional planning and development 454 1$12001 461 1$1001-------$12001 606 0 $aUnione europea$xRegionalismo$yItalia 606 0 $aEconomia politica$xCooperazione europea$yItalia 676 $a307.120945 676 $a338.94509049 700 1$aGUALINI,$bEnrico$0273765 801 0$aIT$bsalbc$gISBD 912 $a990003251590203316 951 $aP08 2274$bDISTRA 959 $aBK 969 $aDISTRA 979 $aDISTRA2$b90$c20090522$lUSA01$h0917 996 $aMulti-level governance and istitutional change$91119786 997 $aUNISA LEADER 02292oam 22005414a 450 001 9910157811003321 005 20210208145919.0 010 $a1-62895-281-4 010 $a1-60917-509-3 035 $a(CKB)3710000000613297 035 $a(EBL)4498511 035 $a(SSID)ssj0001645885 035 $a(PQKBManifestationID)16414548 035 $a(PQKBTitleCode)TC0001645885 035 $a(PQKBWorkID)13175851 035 $a(PQKB)10024649 035 $a(OCoLC)966762312 035 $a(MdBmJHUP)muse52287 035 $a(MiAaPQ)EBC4504334 035 $a(EXLCZ)993710000000613297 100 $a19980304d1998 uy 0 101 0 $aeng 135 $aur|n|---||||| 181 $ctxt 182 $cc 183 $acr 200 10$a29 Missing $eThe True and Tragic Story of the Disappearance of the SS Edmund Fitzgerald /$fAndrew Kantar 210 1$aEast Lansing, [Michigan] :$cMichigan State University Press,$d1998. 210 4$dİ1998 215 $a1 online resource (46 p.) 300 $aDescription based upon print version of record. 311 $a0-87013-446-9 320 $aIncludes bibliographical references (p. 49-50). 327 $aContents; Acknowledgements; Preface; Chapter 1: ""Graveyard of the Great Lakes""; Chapter 2: The Fitz; Chapter 3: The Final Journey; Chapter 4: The Storm Worsens; Chapter 5: ""I've Never Seen Anything Like It In My Life""; Chapter 6: Vanished!; Chapter 7: The Search Begins; Chapter 8: Why Did the Fitzgerald Sink?; Chapter 9: The Fitz Revisited: Exploring the Wreckage; Epilogue; Explorations Down to the Wreck Site of the Edmund Fitzgerald; The Crew of the Edmund Fitzgerald; Bibliography 330 $aRecounts the sinking of the huge freighter the S.S. Edmund Fitzgerald in the icy waters of Lake Superior in 1975 and describes subsequent expeditions to the wreck site to uncover clues to her mysterious disappearance. 606 $aShipwrecks 606 $aShipwrecks$zSuperior, Lake$vJuvenile literature 608 $aElectronic books. 615 1$aShipwrecks. 615 0$aShipwrecks 676 $a363.1/23/097749 700 $aKantar$b Andrew$01234328 801 0$bMdBmJHUP 801 1$bMdBmJHUP 906 $aBOOK 912 $a9910157811003321 996 $a29 Missing$92867188 997 $aUNINA